La agricultura en Estados Unidos: más allá del libre comercio /

সংরক্ষণ করুন:
গ্রন্থ-পঞ্জীর বিবরন
প্রধান লেখক: Trápaga Delfín, Yolanda
বিন্যাস: পাঠ‍্য
বিষয়গুলি:
ট্যাগগুলো: ট্যাগ যুক্ত করুন
কোনো ট্যাগ নেই, প্রথমজন হিসাবে ট্যাগ করুন!

MARC

LEADER 00000 a a2200000 04500
001 46031
003
040
100 |a Trápaga Delfín, Yolanda  
245 |a La agricultura en Estados Unidos:   |b más allá del libre comercio /  |c Yolanda Trápaga Delfín 
650 |a ESTADOS UNIDOS  
773 |g número64 (1992), páginas 21-24  
999 |c 32058  |d 32058